Normal view
MARC view
- Clarke, Collete
Entry Personal Name
001 - CONTROL NUMBER
- control field: 118667
003 - CONTROL NUMBER IDENTIFIER
- control field: NUST
005 - DATE AND TIME OF LATEST TRANSACTION
- control field: 20231128123419.0
008 - FIXED-LENGTH DATA ELEMENTS
- fixed length control field: 231128|| aca||aabn | a|a d
040 ## - CATALOGING SOURCE
- Original cataloging agency: NUST
- Transcribing agency: NUST
100 ## - HEADING--PERSONAL NAME
- Personal name: Clarke, Collete
670 ## - SOURCE DATA FOUND
- Source citation: Work cat.: (NUST): Clarke, Collete , Mathematics :, 2016.
